[Event "Ch New Zealand (b)"]
[Site "masterchessopen.com New Zealand"]
[Round "8"]
[White "Sutherland John (NZL)"]
[Black "Haase Graham (NZL)"]
[Result "1-0"]
[WhiteElo "2054"]
[BlackElo "1992"]

1.d4 Nf6 2.c4 e6 3.Nc3 Bb4 4.e3 c5 5.Ne2 d5 6.a3 cxd4 7.exd4 Be7 8.Nf4 Nc6
9.cxd5 exd5 10.Be2 O-O 11.Bf3 Be6 12.Be3 Rc8 13.O-O Qd7 14.Re1 Rfe8 15.Nxe6
fxe6 16.Bf4 a6 17.Qd2 b5 18.b4 Bd8 19.Na2 Bb6 20.Be5 Qf7 21.Nc1 Nxe5 22.Rxe5
Rc4 23.Nb3 Nd7 24.Ree1 Qf6 25.Bxd5 Bxd4 26.Bxc4 Bxa1 27.Qxd7 Rf8 28.Qxe6+ {#r}
1-0

[Event "Ch Norway"]
[Site "masterchessopen.com Norway"]
[Round "0"]
[White "Grotnes Nils (NOR)"]
[Black "Bern Ivar (NOR)"]
[Result "0-1"]
[WhiteElo "2345"]
[BlackElo "2395"]

1.d4 Nf6 2.c4 e6 3.Nc3 Bb4 4.e3 c5 5.Ne2 cxd4 6.exd4 d5 7.a3 Be7 8.c5 b6 9.b4
O-O 10.g3 bxc5 11.dxc5 a5 12.Rb1 axb4 13.axb4 Ba6 14.b5 Bxc5 15.bxa6 Ng4
16.Nd4 Nxf2 17.Kxf2 Qf6+ 18.Kg2 Bxd4 19.Nxd5 exd5 20.Bd3 Qf2+ 21.Kh3 Nxa6
22.Rf1 Qa2 23.Qg4 Bc3 24.Rb5 Rae8 25.Rf4 Nc7 26.Rc5 Be5 27.Rf5 Qa1 28.Bh6 Re6
29.Rh5 f5 30.Bxf5 Qf1+ 31.Kh4 Rxh6 32.Rxh6 Rxf5 33.Rxc7 Bxc7 {#R} 0-1

[Event "Ch Norway"]
[Site "masterchessopen.com Norway"]
[Round "0"]
[White "Grotnes Nils (NOR)"]
[Black "Fossan Erik (NOR)"]
[Result "1-0"]
[WhiteElo "2345"]
[BlackElo "2340"]

1.d4 Nf6 2.c4 e6 3.Nc3 Bb4 4.e3 c5 5.Ne2 cxd4 6.exd4 d5 7.c5 Ne4 8.Bd2 Nc6
9.Nxe4 dxe4 10.Bxb4 Nxb4 11.Qa4+ Nc6 12.Nc3 f5 13.Nb5 O-O 14.Nd6 Qg5 15.g3 Kh8
16.Bb5 Nb8 17.O-O Qe7 18.f3 exf3 19.Rxf3 b6 20.Re1 a6 21.Rxf5 Rxf5 22.Nxf5 Qc7
23.cxb6 Qxb6 24.Qa3 Qd8 25.Nd6 Qe7 26.Be8 Qf6 27.Nxc8 Qxd4+ 28.Qe3 {#r} 1-0

[Event "It \"]
[Site "masterchessopen.com Philadelphia (USA)"]
[Round "0"]
[White "Christensen Wayne (USA)"]
[Black "Shapiro Daniel E (USA)"]
[Result "1-0"]
[WhiteElo "2142"]
[BlackElo "2289"]

1.d4 Nf6 2.c4 e6 3.Nc3 Bb4 4.e3 c5 5.Ne2 cxd4 6.exd4 O-O 7.a3 Be7 8.d5 exd5
9.cxd5 Re8 10.d6 Bf8 11.Bf4 Nc6 12.g3 Nh5 13.Be3 Re6 14.Nb5 a6 15.Ned4 Re5
16.Nc7 Rb8 17.Nf3 Rxe3+ 18.fxe3 Qf6 19.Be2 Qxd6 20.Qxd6 Bxd6 21.Nd5 Ne7 22.Rd1
f5 23.Nh4 g6 24.Bxh5 {#r} 1-0

[Event "It (open) \"]
[Site "masterchessopen.com Polanica Zdroj (Poland)"]
[Round "4"]
[White "Skalik Przemyslaw (POL)"]
[Black "Barwinski Dionizy (POL)"]
[Result "1-0"]
[WhiteElo "2370"]
[BlackElo "2166"]

1.d4 Nf6 2.c4 e6 3.Nc3 Bb4 4.e3 c5 5.Ne2 d6 6.d5 e5 7.Qc2 b5 8.Ng3 bxc4 9.Bxc4
O-O 10.O-O Nbd7 11.e4 h6 12.Nd1 Nb6 13.Ne3 Nxc4 14.Nxc4 Ba5 15.f4 exf4 16.Bxf4
Bc7 17.Rae1 a5 18.Qc3 Kh7 19.Bxd6 Bxd6 20.e5 Bxe5 21.Rxe5 Ng4 22.Qd3+ Kg8
23.Ree1 Ra6 24.h3 Nf6 25.Nf5 Bxf5 26.Rxf5 g6 27.Rfe5 Nd7 28.Re6 Ra8 29.Rxg6+
fxg6 30.Qxg6+ Kh8 31.Qxh6+ Kg8 32.Re4 Rf6 33.Rg4+ Kf7 34.Rg7+ Ke8 {#r} 1-0

[Event "It"]
[Site "masterchessopen.com Tashkent (Uzbekistan)"]
[Round "0"]
[White "Graf Alexander (GER)"]
[Black "Kayumov Dmitry D (UZB)"]
[Result "1-0"]
[WhiteElo "2628"]
[BlackElo "2441"]

1.d4 Nf6 2.c4 e6 3.Nc3 Bb4 4.e3 c5 5.Ne2 b6 6.a3 Ba5 7.Rb1 Na6 8.Ng3 O-O 9.Bd3
d5 10.cxd5 cxd4 11.exd4 Bxc3+ 12.bxc3 exd5 13.O-O Nb8 14.Re1 Ba6 15.Bg5 Bxd3
16.Qxd3 h6 17.Bxf6 Qxf6 18.Re5 Rd8 19.Nh5 Qc6 20.Rbe1 Nd7 21.Re6 Qc7 22.Re7
Qd6 23.R1e6 Qxa3 24.h4 Nf8 25.Qg3 Nxe6 26.Rxe6 Qf8 27.Rxh6 f5 28.Nf6+ Kf7
29.Qg6+ Ke7 30.Nxd5+ Rxd5 31.Qe6+ Kd8 32.Qxd5+ Kc7 33.Rc6+ {#r} 1-0

[Event "It (b)"]
[Site "masterchessopen.com Altensteig (Germany)"]
[Round "0"]
[White "Kloepfer Markus (GER)"]
[Black "Kraut Rainer (GER)"]
[Result "1-0"]
[WhiteElo "2128"]
[BlackElo "2425"]

1.d4 Nf6 2.c4 e6 3.Nc3 Bb4 4.e3 c5 5.Ne2 d5 6.a3 Bxc3+ 7.Nxc3 cxd4 8.exd4 Nc6
9.c5 O-O 10.Be2 b6 11.b4 e5 12.dxe5 Nxe5 13.Bf4 Re8 14.O-O bxc5 15.bxc5 d4
16.Bb5 Re7 17.Re1 Bg4 18.f3 Ng6 19.Bd6 Rxe1+ 20.Qxe1 Bd7 21.Bxd7 Qxd7 22.Ne4
Nd5 23.Qd2 Ne3 24.Rc1 Qa4 25.c6 Rc8 26.c7 Nh4 27.Qb4 Qd7 28.Qb7 Nexg2 29.Qxc8+
Qxc8 30.Rb1 Nxf3+ 31.Kh1 {#r} 1-0

[Event "It (open)"]
[Site "masterchessopen.com Badalona (Spain)"]
[Round "3"]
[White "Semkov Semko (BUL)"]
[Black "Tejero Garces Jorge (ESP)"]
[Result "1-0"]
[WhiteElo "2450"]
[BlackElo "2278"]

1.d4 Nf6 2.c4 e6 3.Nc3 Bb4 4.e3 c5 5.Ne2 cxd4 6.exd4 d5 7.c5 e5 8.a3 Bxc3+
9.Nxc3 exd4 10.Qxd4 Nc6 11.Bb5 O-O 12.Bxc6 bxc6 13.O-O h6 14.Bf4 Re8 15.f3 Re6
16.Rfe1 Qe7 17.Rxe6 Bxe6 18.Bd6 Qb7 19.Ne2 Qb3 20.Qd2 Re8 21.Nd4 Qa4 22.b3 Qa6
23.a4 Bd7 24.Qc3 Nh7 25.b4 Rc8 26.b5 cxb5 27.c6 b4 28.Bxb4 Bxc6 29.Nf5 d4
30.Qxd4 Nf6 31.Ne7+ Kh7 32.Nxc8 Qxc8 33.Qxa7 {#r} 1-0

[Event "It (open) \"]
[Site "masterchessopen.com Berlin (Germany)"]
[Round "0"]
[White "Guliev Sarhan (AZE)"]
[Black "Shneider Aleksandr (UKR)"]
[Result "1-0"]
[WhiteElo "2523"]
[BlackElo "2560"]

1.d4 Nf6 2.c4 e6 3.Nc3 Bb4 4.e3 c5 5.Ne2 cxd4 6.exd4 d5 7.c5 Ne4 8.Bd2 Nxd2
9.Qxd2 a5 10.a3 Bxc3 11.Nxc3 a4 12.Bb5+ Bd7 13.O-O O-O 14.f4 g6 15.Rac1 Bc6
16.g4 Bxb5 17.Nxb5 Qh4 18.g5 h6 19.Rc3 hxg5 20.fxg5 Nc6 21.Rg3 e5 22.dxe5 Qc4
23.Qf2 Qxb5 24.Rh3 f5 25.exf6 Ne5 26.Qh4 Qxc5+ 27.Kh1 Kf7 28.Rc3 Qd6 29.Qh7+
Ke8 30.Rc7 Nd7 31.Qg7 Rf7 32.Rxd7 Qxd7 33.Qg8+ {#r} 1-0

[Event "It (open) \"]
[Site "masterchessopen.com Buenos Aires (Argentina)"]
[Round "1"]
[White "Anelli Antonio (ARG)"]
[Black "Ricardi Pablo (ARG)"]
[Result "0-1"]
[WhiteElo "2320"]
[BlackElo "2480"]

1.c4 Nf6 2.Nc3 e6 3.d4 Bb4 4.e3 c5 5.Ne2 cxd4 6.exd4 d5 7.a3 Be7 8.c5 O-O 9.g3
b6 10.b4 a5 11.Rb1 axb4 12.axb4 bxc5 13.dxc5 Nc6 14.Bg2 Rb8 15.Ba3 Ba6 16.O-O
Bc4 17.Re1 Nd7 18.f4 Nxb4 19.Nd4 Bxc5 20.Kh1 Bxd4 21.Bxb4 Bc5 22.Bxc5 Nxc5
23.f5 Nd3 24.Re2 Qf6 25.Rxb8 Rxb8 {#R} 0-1

[Event "It (open)"]
[Site "masterchessopen.com Geneva (Switzerland)"]
[Round "4"]
[White "Mitkov Marjan (MKD)"]
[Black "Chachere Lawrence (USA)"]
[Result "1-0"]
[WhiteElo "2358"]
[BlackElo "2305"]

1.d4 Nf6 2.c4 e6 3.Nc3 Bb4 4.e3 c5 5.Ne2 cxd4 6.exd4 O-O 7.a3 Be7 8.d5 exd5
9.cxd5 Re8 10.g3 Bc5 11.Bg2 Ng4 12.O-O Qb6 13.Qe1 Qg6 14.Bd2 d6 15.Nf4 Rxe1
16.Raxe1 Bd7 17.Nxg6 hxg6 18.b4 Bb6 19.Bf4 Bc7 20.h3 Ne5 21.Bxe5 dxe5 22.d6
{#r} 1-0

[Event "Ch Great Britain"]
[Site "masterchessopen.com Great Britain"]
[Round "0"]
[White "Levitt Jonathan (ENG)"]
[Black "Harley Andrew (ENG)"]
[Result "1-0"]
[WhiteElo "2420"]
[BlackElo "2221"]

1.d4 e6 2.c4 Nf6 3.Nc3 Bb4 4.e3 c5 5.Ne2 cxd4 6.exd4 d5 7.a3 Be7 8.c5 O-O 9.b4
b6 10.g3 bxc5 11.dxc5 a5 12.Rb1 axb4 13.axb4 Nc6 14.Bg2 Rb8 15.Qa4 Ne5 16.O-O
Bd7 17.Qc2 Nc4 18.Rd1 Qc8 19.Qd3 Rd8 20.h3 h6 21.Kh2 Bf8 22.f4 e5 23.Nxd5 Nxd5
24.Qxc4 Bb5 25.Qc2 Bxe2 26.Rxd5 Rxd5 27.Bxd5 Bf1 28.g4 Qd7 29.Be4 Qd4 30.Ba3
Bxh3 31.Rd1 Qe3 32.Bc1 {#r} 1-0

[Event "Ch Great Britain"]
[Site "masterchessopen.com Great Britain"]
[Round "0"]
[White "Rossiter Philip J (ENG)"]
[Black "Giblin William T P (ENG)"]
[Result "1-0"]
[WhiteElo "2376"]
[BlackElo "2200"]

1.d4 Nf6 2.c4 e6 3.Nc3 Bb4 4.e3 c5 5.Ne2 cxd4 6.exd4 O-O 7.a3 Be7 8.d5 exd5
9.cxd5 Re8 10.Be3 Ng4 11.Bd4 d6 12.Ng3 Bf8+ 13.Be2 Qh4 14.h3 Nh6 15.O-O a6
16.Na4 Nd7 17.Rc1 f5 18.Bh5 g6 19.Bf3 g5 20.Rc7 b5 21.Bh5 Re7 22.Nc3 Bg7
23.Bxg7 Rxg7 24.Qc2 Nb6 25.Rxg7+ Kxg7 26.Re1 Qd4 27.Re7+ Kh8 28.Re8+ Kg7
29.Qe2 Qf6 30.Bf3 Kg6 31.Nh5 Qf7 32.Re7 Qf8 33.Re6+ Kf7 34.Rf6+ {#r} 1-0

[Event "It (open)"]
[Site "masterchessopen.com Hamburg (Germany)"]
[Round "8"]
[White "Kaminik Aleksandar (ISR)"]
[Black "Andresen Steffen (GER)"]
[Result "0-1"]
[WhiteElo "2200"]
[BlackElo "2298"]

1.d4 Nf6 2.c4 e6 3.Nc3 Bb4 4.e3 c5 5.Ne2 cxd4 6.exd4 d5 7.a3 Be7 8.c5 b6 9.b4
a5 10.Bb2 O-O 11.g3 bxc5 12.dxc5 Nc6 13.Na2 e5 14.Bg2 Rb8 15.Bc3 Qc7 16.O-O d4
17.Bd2 Bf5 18.Qa4 Ne4 19.Bc1 axb4 20.axb4 Ra8 21.Qb3 Be6 22.Qb1 f5 23.f3 Nf6
24.Re1 Rfb8 25.Nf4 Bf7 26.Nd3 Nd5 27.b5 Qa5 28.Bb2 Qxb5 29.Bf1 Qb7 30.Nac1
Rxa1 31.Qxa1 Ne3 32.Qa4 Ra8 {#R} 0-1

[Event "It (open)"]
[Site "masterchessopen.com Naron (Spain)"]
[Round "0"]
[White "Kolar Dejan (SRB)"]
[Black "Garcia Carbo Marcial (ESP)"]
[Result "1-0"]
[WhiteElo "2178"]
[BlackElo "2285"]

1.d4 Nf6 2.c4 e6 3.Nc3 Bb4 4.e3 c5 5.Ne2 cxd4 6.exd4 d5 7.a3 Be7 8.c5 O-O 9.g3
a5 10.Bf4 Nc6 11.Na4 e5 12.dxe5 Ng4 13.Bg2 Be6 14.O-O Ngxe5 15.h3 Ra6 16.Rc1
Bf6 17.Nec3 d4 18.Ne4 Be7 19.Re1 f5 20.Nd6 Bxd6 21.cxd6 Qf6 22.Nc5 {#r} 1-0

[Event "It (open)"]
[Site "masterchessopen.com Naron (Spain)"]
[Round "0"]
[White "Paramos Dominguez Roberto (ESP)"]
[Black "De La Fuente Mayan Alfredo (ESP)"]
[Result "1-0"]
[WhiteElo "2375"]
[BlackElo "2212"]

1.d4 Nf6 2.c4 e6 3.Nc3 Bb4 4.e3 c5 5.Ne2 cxd4 6.exd4 O-O 7.a3 Be7 8.Nf4 Re8
9.Be2 b6 10.Be3 Bb7 11.O-O h6 12.Rc1 d6 13.Bf3 Bxf3 14.Qxf3 Nbd7 15.Rfd1 Bf8
16.b4 Rc8 17.Nb5 a6 18.Na7 Rc7 19.Nc6 Qc8 20.b5 Nb8 21.d5 e5 22.Ne2 Nfd7
23.Ng3 a5 24.Nf5 Rb7 25.Rc3 Qc7 26.Qg4 Kh7 27.Qh4 Nc5 28.Nxg7 {#r} 1-0

[Event "It (open) \"]
[Site "masterchessopen.com Netherlands"]
[Round "5"]
[White "Donk Merlijn Silvester (NED)"]
[Black "Christiansen Larry M (USA)"]
[Result "0-1"]
[WhiteElo "2298"]
[BlackElo "2555"]

1.d4 Nf6 2.c4 e6 3.Nc3 Bb4 4.e3 c5 5.Ne2 cxd4 6.exd4 d5 7.a3 Be7 8.c5 O-O
9.Ng3 b6 10.b4 a5 11.Na4 Nfd7 12.Bf4 axb4 13.axb4 Nc6 14.Bb5 Nxb4 15.c6 Ba6
16.Bxa6 Rxa6 17.Rc1 Nxc6 18.Rxc6 Qa8 19.Rc7 Rxa4 20.Rxd7 Qa5+ 21.Bd2 Bb4
22.O-O Bxd2 23.Qg4 Ra1 24.h4 Rxf1+ 25.Nxf1 Qa1 26.g3 Bc3 27.h5 h6 28.Qf4 Bxd4
29.g4 Be5 30.Qe3 Qa4 {#R} 0-1

[Event "It"]
[Site "masterchessopen.com Solin (Croatia)"]
[Round "0"]
[White "Zaja Ivan (CRO)"]
[Black "Jukic Mirko (CRO)"]
[Result "0-1"]
[WhiteElo "2483"]
[BlackElo "2455"]

1.d4 Nf6 2.c4 e6 3.Nc3 Bb4 4.e3 c5 5.Ne2 cxd4 6.exd4 O-O 7.a3 Be7 8.g3 d5 9.c5
b6 10.b4 bxc5 11.dxc5 a5 12.Rb1 Nc6 13.Bg2 Rb8 14.Nd4 Nxd4 15.Qxd4 Nd7 16.Qd3
axb4 17.axb4 Ne5 18.Qe2 Nc6 19.b5 Bf6 20.Bd2 Nd4 21.Qd1 Qc7 22.Bf4 Qxc5
23.Bxb8 Qxc3+ 24.Qd2 Qc4 25.b6 Nf3+ 26.Bxf3 Bc3 27.b7 Qd3 {#R} 0-1

[Event "Memorial M.Chigorin"]
[Site "masterchessopen.com St. Petersburg (Russia)"]
[Round "8"]
[White "Nikolaidis Ioannis (GRE)"]
[Black "Purgin Nikolaj (RUS)"]
[Result "1-0"]
[WhiteElo "2551"]
[BlackElo "2320"]

1.d4 Nf6 2.c4 e6 3.Nc3 Bb4 4.e3 c5 5.Ne2 d5 6.a3 Bxc3+ 7.Nxc3 b6 8.cxd5 exd5
9.Bb5+ Bd7 10.Be2 Bc6 11.O-O O-O 12.b3 Nbd7 13.Bb2 Re8 14.Rc1 Rc8 15.Nb5 Bxb5
16.Bxb5 Re6 17.Qd3 Ng4 18.h3 Ndf6 19.Rfe1 Ne4 20.f3 Ngf2 21.Qf1 Nxh3+ 22.gxh3
Ng3 23.Qf2 Qd6 24.dxc5 bxc5 25.f4 Rg6 26.Kh2 Ne4 27.Qh4 Rb8 28.Be5 Qb6 {#r}
1-0

[Event "It (open) \"]
[Site "masterchessopen.com Berlin (Germany)"]
[Round "0"]
[White "Lerner Konstantin Z (UKR)"]
[Black "Verdihanov Vladislav (AZE)"]
[Result "1-0"]
[WhiteElo "2555"]
[BlackElo "2420"]

1.d4 Nf6 2.c4 e6 3.Nc3 Bb4 4.e3 c5 5.Ne2 cxd4 6.exd4 d5 7.c5 Ne4 8.Bd2 Nxd2
9.Qxd2 a5 10.a3 Bxc3 11.Nxc3 a4 12.Bd3 b6 13.cxb6 Qxb6 14.O-O Bd7 15.Rfe1 Bc6
16.Rad1 Nd7 17.Qg5 O-O 18.Re3 Rfe8 19.Rg3 g6 20.h4 e5 21.h5 e4 22.hxg6 hxg6
23.Bf1 Nf8 24.Nxd5 Bxd5 25.Qxd5 Qxb2 26.Bc4 Ra7 27.Qc6 Ree7 28.Qf6 Qc2
29.Rxg6+ Nxg6 30.Qxg6+ Kf8 31.Qh6+ Ke8 32.Rc1 Qb2 33.Bxf7+ Kxf7 34.Qh7+ Ke8
{#r} 1-0

[Event "Ch Spain"]
[Site "masterchessopen.com Canete (Spain)"]
[Round "0"]
[White "Garcia Vicente Nieves (ESP)"]
[Black "Garcia Ilundain David (ESP)"]
[Result "0-1"]
[WhiteElo "2235"]
[BlackElo "2455"]

1.d4 Nf6 2.c4 e6 3.Nc3 Bb4 4.e3 c5 5.Ne2 cxd4 6.exd4 d5 7.a3 Be7 8.Nf4 dxc4
9.Bxc4 O-O 10.O-O Nc6 11.d5 exd5 12.Nfxd5 Nxd5 13.Qxd5 Be6 14.Qxd8 Raxd8
15.Bxe6 fxe6 16.Ne4 Nd4 17.Be3 Nc2 18.Bg5 Bxg5 19.Nxg5 Nxa1 {#R} 0-1

[Event "It (open)"]
[Site "masterchessopen.com Des Moines (USA)"]
[Round "0"]
[White "Hanson D"]
[Black "Burnett Kevin (USA)"]
[Result "0-1"]
[WhiteElo "1900"]
[BlackElo "2260"]

1.d4 Nf6 2.c4 e6 3.Nc3 Bb4 4.e3 c5 5.Ne2 cxd4 6.exd4 d5 7.a3 Be7 8.c5 Bd7
9.Bf4 O-O 10.Ng3 a5 11.b4 axb4 12.axb4 Rxa1 13.Qxa1 Nc6 14.Na2 Qa8 15.Qb2 Nxd4
16.Bd3 Bb5 17.Bxb5 Nxb5 18.O-O Qa4 19.Nc3 Nxc3 20.Ra1 Qd7 21.Qxc3 d4 22.Qd3
Qd5 23.h3 h6 24.Re1 Rd8 25.Nf5 Qxf5 26.Qxf5 exf5 27.Rxe7 Nd5 28.Rxb7 Nxf4
29.c6 Rc8 30.b5 Ne6 31.Rd7 Kf8 {#R} 0-1

[Event "It (open)"]
[Site "masterchessopen.com Djakovo (Croatia)"]
[Round "3"]
[White "Milovanovic Rade (USA)"]
[Black "Sentic Pero (CRO)"]
[Result "1-0"]
[WhiteElo "2435"]
[BlackElo "2212"]

1.d4 Nf6 2.c4 e6 3.Nc3 Bb4 4.e3 c5 5.Ne2 d5 6.a3 Bxc3+ 7.Nxc3 cxd4 8.exd4 dxc4
9.Bxc4 Nc6 10.Be3 O-O 11.O-O b6 12.Qf3 Bb7 13.Bd3 Qd7 14.Qh3 Nxd4 15.Rad1 e5
16.Bxh7+ {#r} 1-0

[Event "Ch Russia (w)"]
[Site "masterchessopen.com Elista (Russia)"]
[Round "0"]
[White "Titorenko Natalia I (RUS)"]
[Black "Kryukova Irina (RUS)"]
[Result "0-1"]
[WhiteElo "2143"]
[BlackElo "2261"]

1.d4 Nf6 2.c4 e6 3.Nc3 Bb4 4.e3 c5 5.Ne2 cxd4 6.exd4 O-O 7.a3 Be7 8.d5 exd5
9.cxd5 Re8 10.d6 Bf8 11.g3 b6 12.Bg2 Nc6 13.O-O Ba6 14.b4 Bc4 15.Bg5 h6
16.Bxf6 Qxf6 17.b5 Ne5 18.Bxa8 Rxa8 19.f3 Bxd6 20.Ne4 Bc5+ 21.Kg2 Qe7 22.a4
Ng4 23.fxg4 Qxe4+ {#R} 0-1

[Event "It (open)"]
[Site "masterchessopen.com Foment (Spain)"]
[Round "0"]
[White "Gual Pascual Antonio (ESP)"]
[Black "Gomez Jurado Luis Alberto (ESP)"]
[Result "1-0"]
[WhiteElo "2395"]
[BlackElo "2329"]

1.d4 Nf6 2.c4 e6 3.Nc3 Bb4 4.e3 c5 5.Ne2 d5 6.a3 Bxc3+ 7.Nxc3 cxd4 8.exd4 O-O
9.c5 b6 10.b4 bxc5 11.dxc5 Nc6 12.Be2 e5 13.Bg5 Be6 14.O-O h6 15.Bh4 g5 16.Bg3
Ne4 17.Nxe4 dxe4 18.b5 Qxd1 19.Bxd1 f5 20.bxc6 f4 21.Bc2 Bd5 22.Rfe1 Bxc6
23.Bxe4 Bxe4 24.Rxe4 {#r} 1-0

[Event "It (open)"]
[Site "masterchessopen.com Groningen (Netherlands)"]
[Round "6"]
[White "Mamedova Rena (GER)"]
[Black "Dive Russell John (NZL)"]
[Result "0-1"]
[WhiteElo "2353"]
[BlackElo "2315"]

1.d4 Nf6 2.c4 e6 3.Nc3 Bb4 4.e3 c5 5.Ne2 cxd4 6.exd4 d5 7.c5 Ne4 8.Bd2 Nc6
9.Nxe4 dxe4 10.a3 Bxd2+ 11.Qxd2 O-O 12.b4 f5 13.Rd1 Kh8 14.Nc3 Qf6 15.b5 Ne7
16.Bc4 Bd7 17.O-O Rad8 18.f3 exf3 19.Rxf3 Ng6 20.Ne4 Qe7 21.Nd6 b6 22.Re1 e5
23.Qa2 Qh4 24.Qf2 Qf6 25.Ne4 Qe7 26.Nc3 bxc5 27.dxc5 e4 28.c6 Bc8 29.Rh3 Ne5
30.Ba2 Nd3 31.Qe2 Nf4 32.Qe3 Nxh3+ 33.Qxh3 f4 34.Qh5 Rf5 {#R} 0-1

[Event "It"]
[Site "masterchessopen.com Linares (Mexico)"]
[Round "0"]
[White "Morovic Fernandez Ivan (CRO)"]
[Black "Browne Walter S (USA)"]
[Result "1-0"]
[WhiteElo "2585"]
[BlackElo "2535"]

1.d4 Nf6 2.c4 e6 3.Nc3 Bb4 4.e3 c5 5.Ne2 cxd4 6.exd4 d5 7.c5 e5 8.dxe5 Ng4
9.e6 O-O 10.Nd4 Nf6 11.exf7+ Rxf7 12.Be2 Ne4 13.O-O Bxc3 14.bxc3 Nxc3 15.Qc2
Nxe2+ 16.Qxe2 Na6 17.c6 bxc6 18.Nxc6 Qf6 19.Ne5 Re7 20.Re1 Nb4 21.Bb2 Qb6
22.Qd2 Be6 23.Rac1 Rc8 24.Nd7 Qd8 25.Nc5 Qb6 26.Nxe6 Rxc1 27.Qxc1 {#r} 1-0

[Event "It (open) \"]
[Site "masterchessopen.com London (England)"]
[Round "0"]
[White "Rossiter Philip J (ENG)"]
[Black "Piper Matthew (ENG)"]
[Result "1-0"]
[WhiteElo "2380"]
[BlackElo "2255"]

1.d4 Nf6 2.c4 e6 3.Nc3 Bb4 4.e3 c5 5.Ne2 cxd4 6.exd4 d5 7.c5 Ne4 8.Bd2 Nc6
9.Nxe4 dxe4 10.Bxb4 Nxb4 11.Qa4+ Nc6 12.Rd1 O-O 13.Nc3 e3 14.fxe3 Qg5 15.Kf2
Bd7 16.h4 Qf5+ 17.Kg1 Ne5 18.Bb5 Ng4 19.Rf1 Bxb5 20.Qxb5 Qc2 21.Rh3 b6 22.c6
Rac8 23.h5 h6 24.Rhf3 a6 25.Qxa6 Rxc6 26.Qb7 Rxc3 27.bxc3 f5 28.Qxb6 Qe4
29.Qb1 {#r} 1-0

[Event "It (open)"]
[Site "masterchessopen.com Metz (France)"]
[Round "1"]
[White "Chevallier Didier (FRA)"]
[Black "Psakhis Lev (ISR)"]
[Result "0-1"]
[WhiteElo "2295"]
[BlackElo "2605"]

1.d4 Nf6 2.c4 e6 3.Nc3 Bb4 4.e3 c5 5.Ne2 b6 6.a3 Ba5 7.Bd2 O-O 8.Nf4 Bxc3
9.Bxc3 Ne4 10.Qc2 Nxc3 11.Qxc3 cxd4 12.Qxd4 Nc6 13.Qc3 Ba6 14.b4 Bb7 15.Be2
Qg5 16.Bf3 Rac8 17.h4 Qe7 18.Rh3 d6 19.Rg3 Ne5 20.Be2 f5 21.Qb3 Ng4 22.Bxg4 e5
23.Nd5 Qxh4 24.Qd1 fxg4 25.Qxg4 Qxg4 26.Rxg4 Bxd5 27.cxd5 Rc2 28.f3 Rfc8
29.Rd1 R8c3 30.Rd2 Rxe3+ 31.Kf2 Rxd2+ 32.Kxe3 Rxd5 33.Rc4 a5 34.a4 h5 {#R} 0-1

[Event "Tournament (Elo)"]
[Site "masterchessopen.com Mexico"]
[Round "6"]
[White "Selvas Silverio (MEX)"]
[Black "Gonzalez Roberto (MEX)"]
[Result "0-1"]
[WhiteElo "2026"]
[BlackElo "2267"]

1.d4 Nf6 2.c4 e6 3.Nc3 Bb4 4.e3 c5 5.Ne2 d5 6.dxc5 O-O 7.a3 Bxc5 8.b4 Bd6
9.cxd5 exd5 10.Nd4 Nc6 11.Bb5 Qc7 12.Bxc6 bxc6 13.h3 Ba6 14.Bb2 Rfe8 15.Qa4
Bb7 16.O-O a5 17.Qb3 Bc8 18.b5 c5 19.Nf3 Bb7 20.Qd1 Qd7 21.Qd3 Bc7 22.a4 Qd6
23.Rfd1 d4 24.b6 dxc3 25.bxc7 Qxd3 26.Rxd3 cxb2 27.Rb1 Be4 {#R} 0-1

[Event "Tournament (Elo)"]
[Site "masterchessopen.com Mexico"]
[Round "11"]
[White "Selvas Silverio (MEX)"]
[Black "Pla Silvio (ARG)"]
[Result "1-0"]
[WhiteElo "2026"]
[BlackElo "2188"]

1.d4 Nf6 2.c4 e6 3.Nc3 Bb4 4.e3 c5 5.Ne2 cxd4 6.exd4 d5 7.c5 Nc6 8.a3 Bxc3+
9.Nxc3 O-O 10.Bg5 b6 11.Bb5 Bb7 12.b4 bxc5 13.dxc5 a6 14.Ba4 Kh8 15.O-O Rc8
16.Re1 Ne7 17.Bc2 Ng6 18.Bxg6 d4 19.Be4 {#r} 1-0

[Event "It (open)"]
[Site "masterchessopen.com Minsk (Belarus)"]
[Round "4"]
[White "Guliev Sarhan (AZE)"]
[Black "Tunik Gennady (RUS)"]
[Result "1-0"]
[WhiteElo "2490"]
[BlackElo "2450"]

1.d4 Nf6 2.c4 e6 3.Nc3 Bb4 4.e3 c5 5.Ne2 cxd4 6.exd4 d5 7.c5 Ne4 8.Bd2 Nxd2
9.Qxd2 a5 10.a3 Bxc3 11.Nxc3 a4 12.Bb5+ Bd7 13.O-O O-O 14.f4 b6 15.Bxd7 Qxd7
16.cxb6 Nc6 17.f5 exf5 18.Qf4 g6 19.Rac1 Rfd8 20.Rfe1 h5 21.h3 Na5 22.Re5 Qb7
23.Nxd5 Rxd5 24.Rc7 Qxb6 25.Rxd5 Qxb2 26.Qe5 Nc6 27.Rxc6 Qxa3 28.Rdc5 {#r} 1-0

[Event "Olympiad"]
[Site "masterchessopen.com Moscow (Russia)"]
[Round "7"]
[White "Abdul Wahab A Rasheed (IRQ)"]
[Black "Dive Russell John (NZL)"]
[Result "0-1"]
[WhiteElo "2375"]
[BlackElo "2315"]

1.d4 Nf6 2.c4 e6 3.Nc3 Bb4 4.e3 c5 5.Ne2 cxd4 6.exd4 d5 7.a3 Be7 8.cxd5 Nxd5
9.Nxd5 Qxd5 10.Nc3 Qd8 11.Bd3 Nc6 12.Be3 Bf6 13.Bb5 O-O 14.Bxc6 bxc6 15.O-O
Ba6 16.Re1 Bc4 17.Rc1 Bd5 18.Qa4 a5 19.Re2 h6 20.Bf4 Qb6 21.Bd6 Bb3 {#R} 0-1

[Event "Ch Yugoslavia (open)"]
[Site "masterchessopen.com Nis (Yugoslavia)"]
[Round "2"]
[White "Rajkovic Dusan (SRB)"]
[Black "Zafirovski Mite (SRB)"]
[Result "1-0"]
[WhiteElo "2505"]
[BlackElo "2239"]

1.d4 Nf6 2.c4 e6 3.Nc3 Bb4 4.e3 c5 5.Ne2 cxd4 6.exd4 O-O 7.a3 Be7 8.d5 exd5
9.cxd5 Re8 10.d6 Bf8 11.g3 Nc6 12.Bg2 b6 13.b4 Rb8 14.O-O Bb7 15.Nb5 Ba6
16.Nec3 Re5 17.Qa4 Bb7 18.Bf4 Rf5 19.Rad1 Rxf4 20.gxf4 Nh5 21.Ne2 Qh4 22.Nbc3
Re8 23.Rd3 Re6 24.f5 Rxd6 25.Qd1 Ne5 26.Rd4 Qg5 27.Ng3 Rxd4 28.Qxd4 Bxg2
29.Kxg2 Nf4+ 30.Kh1 Nf3 31.Qe3 Qg4 32.Nge2 Nxh2 33.Qxf4 Qh3 34.Ng1 {#r} 1-0

[Event "It"]
[Site "masterchessopen.com Scotland"]
[Round "0"]
[White "Pyrich George (SCO)"]
[Black "Grant Jonathan (SCO)"]
[Result "0-1"]
[WhiteElo "2014"]
[BlackElo "2209"]

1.d4 Nf6 2.c4 e6 3.Nc3 Bb4 4.e3 c5 5.Ne2 d5 6.a3 Bxc3+ 7.Nxc3 cxd4 8.exd4 dxc4
9.Bxc4 Nc6 10.Be3 O-O 11.O-O b6 12.Rc1 Bb7 13.Ba2 Ne7 14.Bg5 Nf5 15.d5 exd5
16.Nxd5 Bxd5 17.Bxf6 Qxf6 18.Bxd5 Rad8 19.Qb3 Nd4 20.Qc4 b5 {#R} 0-1

[Event "Ch Spain (team)"]
[Site "masterchessopen.com Spain"]
[Round "0"]
[White "Rodriguez Orestes (ESP)"]
[Black "Rivas Pastor Manuel (ESP)"]
[Result "0-1"]
[WhiteElo "2440"]
[BlackElo "2520"]

1.d4 Nf6 2.c4 e6 3.Nc3 Bb4 4.e3 c5 5.Ne2 b6 6.a3 Ba5 7.Nf4 Nc6 8.Bd3 e5 9.Nh5
O-O 10.O-O Bxc3 11.bxc3 Re8 12.Nxf6+ Qxf6 13.Qc2 h6 14.f4 exd4 15.cxd4 cxd4
16.e4 Ba6 17.e5 Qe7 18.Bd2 Rac8 19.Qa4 Bb7 20.Rae1 d6 21.Qd1 dxe5 22.Qh5 e4
23.Bxe4 Qf6 24.Qf3 Ba8 25.Re2 d3 26.Qxd3 Nd4 27.Bh7+ Kh8 28.Rxe8+ Rxe8 29.Bc3
Ne2+ 30.Kf2 Qxf4+ 31.Ke1 Nxc3+ {#R} 0-1